000 00615nam a2200229Ia 4500
008 160216s9999 xx 000 0 und d
020 _a971-231-818-4
050 _aFIL LB 2369
050 _b.C35 1995
100 _aCalmorin, Laurentina Paler -
245 _aMethods of research and thesis writing /
245 _cLaurentina Paler-Calmarin, Melchor A. Calmorin.
260 _aManila:
260 _bRex Book Store, Inc.,
260 _c1995
300 _a390 pages :
300 _bill. ;
300 _c22 cm.
500 _aIncludes index.
650 _aReport writing.
650 _aThesis writing.
999 _c290940
_d290940